000 00324nam a22001337a 4500
008 190205b xxu||||| |||| 00| 0 eng d
020 _a0442254105
041 _aeng
080 _a316
100 _a50
101 _aSOC
245 _aElites and Masses. An Introduction to Poltical Sociology
_cMarger, M.N
942 _2udc
_cBK
999 _c53996
_d53996